8 Scenes, 1 Movie! XVII Quiz Stats

 Plays Quiz Updated Mar 31, 2019

Score 0/25 Timer 10:00
1 Play Today
% Correct
Black Panther
91.3%
Batman
85%
Ace Ventura: Pet Detective
80.1%
Christopher Robin
68.6%
The Greatest Showman
67.4%
Little Miss Sunshine
63.6%
Chitty Chitty Bang Bang
62.1%
Love Actually
61.6%
Amélie
60.8%
Get Out
58.4%
Lost in Translation
58.4%
Fantasia
58%
Enchanted
52.9%
% Correct
Frankenweenie
52.6%
Dunkirk
49.9%
Ready Player One
47.8%
Three Billboards Outside Ebbing, Missouri
46.9%
500 Days of Summer
35.4%
A Quiet Place
35%
Donnie Darko
29.8%
Burlesque
29.3%
The Shape of Water
23.9%
Blade Runner 2049
22%
The Dark Tower
14%
Captain Fantastic
11.7%

You're not logged in!

Compare scores with friends on all Sporcle quizzes.
OR
Log In

Sporcle TV

Today on Sporcle TV


Watch our educational content, quiz creation guides, and fun videos on Sporcle TV.

Show Comments

Extras

Top Quizzes Today


Score Distribution

Your Account Isn't Verified!

In order to create a playlist on Sporcle, you need to verify the email address you used during registration. Go to your Sporcle Settings to finish the process.

Report this User

Report this user for behavior that violates our Community Guidelines.

Details: